Xuân Diệu Tác giả. Tác phẩm. Tư liệu

Giới thiệu những nét chủ yếu về tiểu sử, sự nghiệp văn chương, phân tích, bình giảng và tuyển chọn những bài thơ, văn của tác giả Xuân Diệu trong chương trình phổ thông

Guardado en:
Detalles Bibliográficos
Autor principal: Xuân Diệu
Formato: Libro
Lenguaje:Vietnamese
Publicado: Đồng Nai Nxb. Tổng hợp Đồng Nai 2002
Colección:Tác giả, tác phẩm văn học dùng trong nhà trường. Tác giả tác phẩm cận đại
Materias:
Etiquetas: Agregar Etiqueta
Sin Etiquetas, Sea el primero en etiquetar este registro!
Thư viện lưu trữ: Mạng thư viện Đại học Đà Nẵng
LEADER 01468nam a2200361 4500
001 000004245
003 376
005 20121211001208.0
008 110718s2002 viesd
020 |c 11000đ 
041 0 |a vie 
082 |a 895.9221  |b XU-D 
100 0 |a Xuân Diệu 
245 0 |a Xuân Diệu  |b Tác giả. Tác phẩm. Tư liệu  |c Nguyễn Bích Thuận (biên soạn) 
260 |a Đồng Nai  |b Nxb. Tổng hợp Đồng Nai  |c 2002 
300 |a 157tr  |c 19cm 
490 |a Tác giả, tác phẩm văn học dùng trong nhà trường. Tác giả tác phẩm cận đại 
520 |a Giới thiệu những nét chủ yếu về tiểu sử, sự nghiệp văn chương, phân tích, bình giảng và tuyển chọn những bài thơ, văn của tác giả Xuân Diệu trong chương trình phổ thông 
653 |a Nghiên cứu văn học 
653 |a Trường phổ thông 
653 |a Sách đọc thêm 
653 |a Văn học hiện đại 
910 |d 18/07/2011 
OWN |a LSP 
AVA |a UDN50  |b LSP  |d 895.9221 XU-D  |e available  |t Error 5001 Not defined in file expand_doc_bib_avail.  |f 5  |g 0  |h N  |i 0  |k 1 
999 |a From the UDN01 
AVA |a UDN50  |b LSP  |d 895.9221 XU-D  |e available  |t Error 5001 Not defined in file expand_doc_bib_avail.  |f 5  |g 0  |h N  |i 0  |k 1 
TYP |a Monograph 
TYP |a Printed language 
980 |a Mạng thư viện Đại học Đà Nẵng